Normal view
MARC view
- مصر-علاقات خارجية-العراق،مصر -تاريخ1952-1963-جمال عبد الناصر رئيس مصر
Entry Topical Term
001 - CONTROL NUMBER
- control field: 19091
003 - CONTROL NUMBER IDENTIFIER
- control field: JO-AjAnu
005 - DATE AND TIME OF LATEST TRANSACTION
- control field: 20230606073336.0
008 - FIXED-LENGTH DATA ELEMENTS
- fixed length control field: 230606|| aca||aabn | a|a d
040 ## - CATALOGING SOURCE
- Original cataloging agency: JO-AjAnu
- Transcribing agency: JO-AjAnu
150 ## - HEADING--TOPICAL TERM
- Topical term or geographic name entry element: مصر-علاقات خارجية-العراق،مصر -تاريخ1952-1963-جمال عبد الناصر رئيس مصر
670 ## - SOURCE DATA FOUND
- Source citation: Work cat.: (JO-AjAnu)9796: تاليف مردان، جمال مصطفى, author 19090, عبد الناصر والعراق 1952-1963